Asismicidad en viviendas económicas
Na minha lista:
| Autor Corporativo: | |
|---|---|
| Formato: | Livro |
| Idioma: | espanhol |
| Publicado em: |
Bogotá
Centro Interamericano Científico y Documentación
1959
|
| Colecção: | Programa de Vivienda, Planeamiento y Edificación, Departamento de Asuntos Económicos y Sociales, Técnica, 8
|
| Assuntos: | |
| Tags: |
Adicionar Tag
Sem tags, seja o primeiro a adicionar uma tag!
|
MARC
| LEADER | 00000nam a2200000 a 4500 | ||
|---|---|---|---|
| 001 | UCU4570 | ||
| 003 | CL-VaPUC | ||
| 008 | 960524e19590000CK |||||||||||||||||spa|d | ||
| 082 | 0 | 4 | |a 551.22 |b PON |2 21 |
| 110 | 2 | |a Pontificia Universidad Católica de Chile |e author |9 362225 | |
| 245 | 1 | 0 | |a Asismicidad en viviendas económicas |
| 300 | |a 95 p | ||
| 942 | |c BK | ||
| 945 | |d 19960524 00:00:00 |a cmena | ||
| 260 | |a Bogotá |b Centro Interamericano Científico y Documentación |c 1959 | ||
| 650 | 0 | |a Sismología |9 268106 | |
| 650 | 0 | |a Geofísica |9 261453 | |
| 650 | 0 | |a Catástrofes naturales |9 268107 | |
| 650 | 0 | |a Edificios |9 260501 | |
| 650 | 0 | |a Viviendas baratas |9 362226 | |
| 650 | 7 | |a ESTRUCTURA CONSTRUCCION |2 CL-VaPUC |9 362227 | |
| 650 | 7 | |a TECNOLOGIA DE LA CONSTRUCCION |2 CL-VaPUC |9 260196 | |
| 650 | 7 | |a CIMIENTOS |2 CL-VaPUC |9 260635 | |
| 650 | 0 | |a Materiales de construcción |9 260197 | |
| 583 | |a last modification |c 19960524 00:00:00 |k Rodrigo Vera | ||
| 490 | 0 | |a Programa de Vivienda, Planeamiento y Edificación, Departamento de Asuntos Económicos y Sociales, Técnica, 8 | |
| 999 | |c 248246 |d 248244 | ||